| 000 | 00730nam a2200217 a 4500 | ||
|---|---|---|---|
| 999 |
_c4410 _d4410 |
||
| 001 | 4410 | ||
| 003 | BD-JhCC | ||
| 005 | 20171127102208.0 | ||
| 008 | 171127s1968 bg |||| ||a| 000 0 ben d | ||
| 035 | _a(BD-JhCC)4410 | ||
| 040 |
_aBD-JhCC _dBD-JhCC |
||
| 041 | _aben | ||
| 082 |
_a398.21 _bKAS 1968 |
||
| 100 | _aকাসিমপুরী, মোহাম্মদ সিরাজুদ্দীন | ||
| 245 |
_aলোক-সাহিত্যে ছড়া / _cমোহাম্মদ সিরাজুদ্দীন কাসিমপুরী, |
||
| 260 |
_aঢাকা : _bবাংলা একাডেমী, _c1968 |
||
| 300 |
_a175 p. : _c24 cm. |
||
| 650 | _aFolkore | ||
| 942 |
_2ddc _cBK |
||